| 000 | 01039 a2200157 4500 | ||
|---|---|---|---|
| 003 | Nust | ||
| 005 | 20170207153310.0 | ||
| 040 | _cNust | ||
| 100 | _aCroft , Terrell | ||
| 245 |
_aPractical Electricity _cCroft , Terrell |
||
| 260 |
_aLondon _bMc Graw Hill |
||
| 300 | _a700:p | ||
| 505 | _aMatter and the electron theory (Page-1) Magnetism (Page-25) Fundamentals ideas concerning electricity (Page-53) Currents of electricity (Page-66) Electromotive waves (Page-81) Work Power Energy (Page-114) The Generators of electrical energy (Page-127) Electric circuits (Page-131) Electromagnetism (Page-142) The magnetic circuit (Page-152) Applications of electromagnetic (Page-197) Magnetic Traction (Page-204) Hysteresis (Page-210) Electrolysis (Page-257) Storage batteries (Page-261) Reactance of resistance (Page-531) Reactanance and Impedance (Page-545) Polyphone circuits and systems (Page-595) Transformers (Page-618) Three wire Distribution (Page-639) Electronic Tubes (Page-648) | ||
| 538 | _aAlmirah No.17 Shelf No.1 | ||
| 650 | _aElectricity | ||
| 942 |
_2ddc _cBK |
||
| 999 |
_c183621 _d183621 |
||